Osobitosti marketingovej a obchodnej komunikácie v produkčných odvetviach diplomová práca

Na minha lista:
Detalhes bibliográficos
Autor principal: Filo, Lukáš
Autor Corporativo: Obchodná fakulta EU. Katedra marketingu
Outros Autores: Oreský, Milan, 1956-
Formato: Livro
Idioma:eslovaco
Publicado em: Bratislava 2016
Tags: Adicionar Tag
Sem tags, seja o primeiro a adicionar uma tag!

MARC

LEADER 00000nbm a2200000 4500
001 0216822
005 20170112104529.3
041 0 |a slo 
044 |a SK 
245 1 0 |a Osobitosti marketingovej a obchodnej komunikácie v produkčných odvetviach  |b diplomová práca  |c Lukáš Filo ; školiteľ: Milan Oreský 
264 1 |a Bratislava  |c 2016 
300 |a 76 s. 
100 1 |a Filo, Lukáš 
700 1 |a Oreský, Milan, 1956- 
710 2 |a Obchodná fakulta EU. Katedra marketingu